Pavlovi Bujnákovi ctitelia, priatelia, žiaci

Podrobná bibliografia
Ďalší autori: Göllnerová-Gwerková, Alžbeta, 1905-1944 (Zostavovateľ, kompilátor)
Médium: Kniha
Jazyk:slovenčina
maďarčina
PhysicalDescription:106 strán 23 cm
Vydavateľské údaje: Bratislava Academia 1933
Predmet:

MARC

LEADER 00000cam a2200000 a 4500
001 vtls008371973
003 SK-MaSNL
005 20260301093356.0
008 210623s1933 xo grb n 000 0 slo
015 |a SNBA19191938-002990 
015 |a SNBSAB1933 
020 |q (brožované) 
035 |a SK01SNKBSKHR20010064190 
035 |a urn:nbn:sk:snk-am3i6cd 
035 |a 241B4B63-DAC8-4769-ADCF-2229BDF3049B 
035 |a urn:nbn:sk:snk-am00dlnc 
035 |a SKM000066653 
040 |a SNK  |b slo  |c SNK  |e AACR2 
041 0 |a slo  |a hun 
044 |a xo  |c SK  |a xr  |c CZ 
080 |a 82.0  |2 2011 
080 |a 82-95-051  |2 2011 
080 |a (092)  |2 2011 
080 |a (082)  |2 2011 
080 |a (01)-048.58  |2 2011 
245 0 0 |a Pavlovi Bujnákovi ctitelia, priatelia, žiaci  |c usporiadala Alžbeta Göllnerová 
260 |a Bratislava  |b Academia  |c 1933  |e Český Tĕšín  |f Karel Prochaska 
300 |a 106 strán  |c 23 cm 
500 |a Frontispice 
504 |a Bibliografia literárneho diela Pavla Bujnáka, záznamy sú chronologicky usporiadané ; zoznam značiek a pseudonymov Pavla Bujnáka na strane 106 ; bibliografické odkazy a poznámky 
546 |a Čiastočný text v maďarčine 
600 1 7 |a Bujnák, Pavel,  |d 1882-1933  |2 SNKMA  |9 217388 
650 0 7 |a literárni historici  |2 SNKPH  |9 90449 
650 0 7 |a literárni kritici  |2 SNKPH  |9 89457 
655 7 |a biografie  |2 SNKPH  |9 27965 
655 7 |a zborníky  |2 SNKPH  |9 70165 
655 7 |a výberové bibliografie  |2 SNKPH  |9 70561 
700 1 |a Göllnerová-Gwerková, Alžbeta,  |d 1905-1944  |4 com  |9 38394 
852 |a Univerzitná knižnica v Bratislave  |b 300000  |h SD 883 
852 |a Univerzitná knižnica v Bratislave  |b 300000  |h XXD 334 
958 |a RK 
958 |a TL 
958 |a ZB 
958 |a NB 
958 |a SF 
958 |a BX 
999 |c 676813  |d 678743 
952 |t P60, <04>, [BOOK], {604}  |a SNK  |b SNK  |y VYP  |7 0  |p 17A0233299  |o snkSC 9942 D1  |0 0  |1 0  |4 0  |d 2000-03-28  |l 0  |r 2005-01-02 00:00:00  |w 2026-02-23 
952 |a SNK  |b SNK  |y PREZ  |7 0  |p 17A0798792  |o snkSC 9942  |i snkKSK 936/57  |8 3  |0 0  |1 0  |4 0  |d 2012-08-23  |f 1  |l 0  |r 2025-07-09 00:00:00  |w 2026-02-23